<?xml version="1.0" encoding="UTF-8"?>
<record
    xmlns:xsi="http://www.w3.org/2001/XMLSchema-instance"
    xsi:schemaLocation="http://www.loc.gov/MARC21/slim http://www.loc.gov/standards/marcxml/schema/MARC21slim.xsd"
    xmlns="http://www.loc.gov/MARC21/slim">

  <leader>01167nam a22002537a 4500</leader>
  <controlfield tag="005">20170124103139.0</controlfield>
  <datafield tag="010" ind1=" " ind2=" ">
    <subfield code="a">A-989773</subfield>
  </datafield>
  <datafield tag="020" ind1=" " ind2=" ">
    <subfield code="c">150.00</subfield>
    <subfield code="a">8120316053</subfield>
  </datafield>
  <datafield tag="035" ind1=" " ind2=" ">
    <subfield code="a">A-989773</subfield>
  </datafield>
  <datafield tag="037" ind1=" " ind2=" ">
    <subfield code="b">Cen Lib/Ret</subfield>
  </datafield>
  <datafield tag="040" ind1=" " ind2=" ">
    <subfield code="a">DPL</subfield>
    <subfield code="b">HN</subfield>
  </datafield>
  <datafield tag="082" ind1=" " ind2=" ">
    <subfield code="a">301</subfield>
    <subfield code="b">&#x938;&#x93F;&#x902;&#x939;&#x91C;&#x947; </subfield>
  </datafield>
  <datafield tag="100" ind1=" " ind2=" ">
    <subfield code="a">&#x938;&#x93F;&#x902;&#x939;, &#x91C;&#x947;.&#x92A;&#x940;.</subfield>
    <subfield code="9">73</subfield>
  </datafield>
  <datafield tag="245" ind1=" " ind2=" ">
    <subfield code="a">&#x938;&#x92E;&#x93E;&#x91C;&#x936;&#x93E;&#x938;&#x94D;&#x924;&#x94D;&#x930; : &#x905;&#x935;&#x927;&#x93E;&#x930;&#x923;&#x93E;&#x90F;&#x901; &#x90F;&#x935;&#x902; &#x938;&#x93F;&#x926;&#x94D;&#x927;&#x93E;&#x928;&#x94D;&#x924; /</subfield>
    <subfield code="c">&#x91C;&#x947;.&#x92A;&#x940;.&#x938;&#x93F;&#x902;&#x939;</subfield>
  </datafield>
  <datafield tag="246" ind1=" " ind2=" ">
    <subfield code="a">Samajshastr : avdharnaen ewam siddhant /</subfield>
    <subfield code="b">by J.P.Singh </subfield>
  </datafield>
  <datafield tag="260" ind1=" " ind2=" ">
    <subfield code="b">&#x92A;&#x94D;&#x930;&#x947;&#x928;&#x94D;&#x91F;&#x93F;&#x938;-&#x939;&#x932; &#x906;&#x92B; &#x907;&#x902;&#x921;&#x93F;&#x92F;&#x93E; </subfield>
    <subfield code="c">1999</subfield>
    <subfield code="a">&#x928;&#x908; &#x926;&#x93F;&#x932;&#x94D;&#x932;&#x940; </subfield>
  </datafield>
  <datafield tag="270" ind1=" " ind2=" ">
    <subfield code="a">&#x90F;&#x92E;-97, &#x915;&#x928;&#x949;&#x91F; &#x938;&#x930;&#x94D;&#x915;&#x938; </subfield>
    <subfield code="b">&#x928;&#x908; &#x926;&#x93F;&#x932;&#x94D;&#x932;&#x940; </subfield>
    <subfield code="e">110001</subfield>
  </datafield>
  <datafield tag="300" ind1=" " ind2=" ">
    <subfield code="a">xi,447&#x92A;&#x943;. </subfield>
    <subfield code="c">20&#x938;&#x947;&#x92E;&#x940;(&#x938;&#x91C;&#x93F;&#x932;&#x94D;&#x926;)</subfield>
  </datafield>
  <datafield tag="650" ind1=" " ind2=" ">
    <subfield code="a">&#x938;&#x92E;&#x93E;&#x91C;&#x936;&#x93E;&#x938;&#x94D;&#x924;&#x94D;&#x930; -- &#x909;&#x92A;&#x92F;&#x94B;&#x917;&#x93F;&#x924;&#x93E; </subfield>
    <subfield code="9">6644</subfield>
  </datafield>
  <datafield tag="650" ind1=" " ind2=" ">
    <subfield code="a">&#x938;&#x93E;&#x92E;&#x93E;&#x91C;&#x93F;&#x915; &#x92A;&#x926; -- &#x938;&#x94D;&#x925;&#x93F;&#x924;&#x93F; &#x90F;&#x935;&#x902; &#x92D;&#x942;&#x92E;&#x93F;&#x915;&#x93E; </subfield>
    <subfield code="9">85299</subfield>
  </datafield>
  <datafield tag="650" ind1=" " ind2=" ">
    <subfield code="a">Sociology - Utility</subfield>
    <subfield code="9">85300</subfield>
  </datafield>
  <datafield tag="650" ind1=" " ind2=" ">
    <subfield code="a">Social status - the status and role</subfield>
    <subfield code="9">85301</subfield>
  </datafield>
  <datafield tag="942" ind1=" " ind2=" ">
    <subfield code="2">ddc</subfield>
    <subfield code="c">HN</subfield>
    <subfield code="h">301</subfield>
    <subfield code="m">&#x938;&#x93F;&#x902;&#x939;&#x91C;&#x947; </subfield>
  </datafield>
  <datafield tag="999" ind1=" " ind2=" ">
    <subfield code="c">119506</subfield>
    <subfield code="d">119506</subfield>
  </datafield>
  <datafield tag="952" ind1=" " ind2=" ">
    <subfield code="0">0</subfield>
    <subfield code="1">0</subfield>
    <subfield code="4">0</subfield>
    <subfield code="7">0</subfield>
    <subfield code="a">L</subfield>
    <subfield code="b">L</subfield>
    <subfield code="d">2015-09-17</subfield>
    <subfield code="e">Cen Lib/Ret</subfield>
    <subfield code="g">150.00</subfield>
    <subfield code="l">5</subfield>
    <subfield code="m">1</subfield>
    <subfield code="o">301 &#x938;&#x93F;&#x902;&#x939;&#x91C;&#x947;</subfield>
    <subfield code="p">A-989773</subfield>
    <subfield code="r">2019-03-22 00:00:00</subfield>
    <subfield code="s">2019-02-28</subfield>
    <subfield code="t">1</subfield>
    <subfield code="v">150.00</subfield>
    <subfield code="w">2015-09-17</subfield>
    <subfield code="y">HN</subfield>
  </datafield>
</record>
